Normal view
MARC view
- Mankar S.Ed
Entry Corporate Name
001 - CONTROL NUMBER
- control field: 171142
003 - CONTROL NUMBER IDENTIFIER
- control field: OSt
005 - DATE AND TIME OF LATEST TRANSACTION
- control field: 20230313130633.0
008 - FIXED-LENGTH DATA ELEMENTS
- fixed length control field: 230313|| aca||aabn | a|a d
040 ## - CATALOGING SOURCE
- Original cataloging agency: OSt
- Transcribing agency: OSt
110 ## - HEADING--CORPORATE NAME
- Corporate name or jurisdiction name as entry element: Mankar S.Ed
670 ## - SOURCE DATA FOUND
- Source citation: Work cat.: (OSt)131735: Mankar S.Ed. 171141, Standard Code Rules Handbook:, 2009